000 01278nam a22003617a 4500
001 12395153
003 OSt
005 20240703085948.0
008 240703b |||||||| |||| 00| 0 eng d
010 _a 2001090543
015 _aGBA1-X5281
020 _a0124408303
035 _a(OCoLC)ocm47063437
040 _aKMU
_cKMU
_dKMU
_beng
_erda
042 _alccopycat
050 0 0 _aHV8073
_b.L37 2001
100 1 _aLee, Henry C.
245 1 0 _aHenry Lee's crime scene handbook /
_cHenry C. Lee, Timothy Palmbach, Marilyn T. Miller.
260 _aSan Diego, Calif. :
_aLondon :
_bAcademic,
_cc2001.
300 _axv, 416 p. :
_bill. (some col.) ;
_c26 cm.
650 0 _aForensic sciences.
650 0 _aCrime scenes.
650 0 _aCriminal investigation.
650 0 _aEvidence, Expert.
700 1 _aPalmbach, Timothy.
700 1 _aMiller, Marilyn T.
856 4 2 _3Publisher description
_uhttp://www.loc.gov/catdir/description/els031/2001090543.html
856 4 1 _3Table of contents
_uhttp://www.loc.gov/catdir/toc/els031/2001090543.html
906 _a7
_bcbc
_ccopycat
_d2
_encip
_f20
_gy-gencatlg
942 _2lcc
_cBK
_n0
999 _c1368
_d1368